000 00724nam a22002297a 4500
001 30981
003 UA-OsUOA
005 20210917180246.0
007 ta
008 20041119b un ||||| |||| 00| 0 ukr d
040 _aUA-OsUOA
_brus
_cUA-OsUOA
_dUA-OsUOA
041 _arus
044 _aRU
080 _a930.1(47+57)
090 _a930.1(47+57)
_bС23
245 _aСборник документов для практических занятий по источниковедению истории СССР: эпоха социализма
_cред. И. Д. Ковальченко
260 _bВысшая школа
_c1982
_aМосква
300 _a272 с.
650 7 _2UDC
942 _cBK
_2udc
955 _a0
999 _c317402
_d317402